00501nam a2200145Ia 4500082001200000100002200012245010300034260003900137300000800176504004100184650003700225650004200262650003400304710001700338 aTK.0389 aKrishnamurthy, B. 0aTraining and entrepreneurship development insericulture industry: a case study of Belgaum division c2006bKarnatak University, Dharwad a358 aincludes appendices and bibliography aSericulturevBelgaum (Karnataka) aEntrepreneurshipvBelgaum (Karnataka) aTrainingvBelgaum (Karnataka) aMulla, N. I.